[Event "CZE-ch Betsys Online Blitz"]
[Site "Chess.com INT"]
[Date "2021.04.17"]
[Round "7"]
[White "Sekyra, Vojtech"]
[Black "Barabas, Ales"]
[Result "0-1"]
[WhiteElo "1018"]
[BlackElo "1733"]
[PlyCount "76"]
[EventDate "2021.04.17"]
[EventType "swiss (blitz)"]
[EventRounds "13"]
[EventCountry "CZE"]
[SourceTitle "CBM 201 Extra"]
[Source "ChessBase"]
[SourceDate "2021.05.31"]
[SourceVersion "1"]
[SourceVersionDate "2021.05.31"]
[SourceQuality "1"]

1. e4 c5 2. Nf3 d6 3. d4 cxd4 4. Nxd4 Nf6 5. Nc3 a6 6. Be3 e6 7. Ke2 Be7 8. Ke1 Nbd7 9. Be2 Qc7 10. f3 b5 11. a3 Bb7 12. Kf2 Rc8 13. Rf1 0-0 14. Kg1 Rfd8 15. Qd2 Ne5 16. f4 Nc4 17. Bxc4 Qxc4 18. e5 dxe5 19. fxe5 Ng4 20. Rf3 Nxe5 21. Rg3 Ng6 22. Qf2 Bf6 23. Nb3 Bxc3 24. bxc3 Qd5 25. Bb6 Qd1+ 26. Rxd1 Rxd1+ 27. Qf1 Rxf1+ 28. Kxf1 Ne5 29. Bd4 Ng6 30. Na5 Ba8 31. Rg4 f6 32. Be3 Rxc3 33. Bd2 Rxc2 34. Bb4 Kf7 35. Rd4 Bd5 36. Ke1 Rxg2 37. Kf1 Rxh2 38. Ke1 Rc2 0-1

[Event "CZE-ch Betsys Online Blitz"]
[Site "Chess.com INT"]
[Date "2021.04.17"]
[Round "1"]
[White "Sekyra, Vojtech"]
[Black "Soucek, Petr"]
[Result "0-1"]
[WhiteElo "1018"]
[BlackElo "1954"]
[PlyCount "64"]
[EventDate "2021.04.17"]
[EventType "swiss (blitz)"]
[EventRounds "13"]
[EventCountry "CZE"]
[SourceTitle "CBM 201 Extra"]
[Source "ChessBase"]
[SourceDate "2021.05.31"]
[SourceVersion "1"]
[SourceVersionDate "2021.05.31"]
[SourceQuality "1"]

1. e4 c5 2. Nf3 d6 3. d4 cxd4 4. Nxd4 Nf6 5. Nc3 g6 6. Ke2 Bg7 7. Ke1 0-0 8. Be2 Nc6 9. Be3 d5 10. e5 Nxe5 11. Qd2 Nc6 12. f3 e5 13. Nb3 d4 14. Nd1 dxe3 15. Qxd8 Rxd8 16. Nxe3 Be6 17. Kf2 Bf8 18. Rhf1 a5 19. a4 Bxb3 20. cxb3 Bc5 21. Rac1 Bb6 22. Rc3 Nd5 23. Rd3 Ncb4 24. Rdd1 Nxe3 25. Rxd8+ Rxd8 26. Rc1 Rd2 27. Ke1 Rxb2 28. Rc8+ Kg7 29. Bc4 Nxc4 30. bxc4 Nd3+ 31. Kd1 Be3 32. Rc7 Rd2# 0-1